Análisis de las preguntas y definiciones censales sobre producción agropecuaria

Saved in:
Bibliographic Details
Main Author: González Chinchilla, Luis Fernando
Format: Text
Published: San José: ADEC
Tags: Add Tag
No Tags, Be the first to tag this record!

MARC

LEADER 00000 a a2200000 04500
001 15116
003
040
090 |a 022600  
100 |a González Chinchilla, Luis Fernando  
245 |a Análisis de las preguntas y definiciones censales sobre producción agropecuaria  
260 |a San José:   |b ADEC  
300 |a 5 p.  
999 |c 949  |d 949